000 00378nam a2200157Ia 4500
003 OSt
008 191201s2008 xx 000 0 und d
082 _a658.3
_bTHC
100 _aTHEOGARAJ, Laurainne
245 0 _aChanging Dynamics Of Human Relationships In Workplaces
250 _a1st
260 _aHyderabad
_bIUP
_c2008
300 _a226
650 _aMBA
942 _2ddc
_cBK
999 _c4723
_d4723